LEADER 01540oam 2200409 a 450 001 9910696514803321 005 20120229092155.0 035 $a(CKB)5470000002379707 035 $a(OCoLC)228098681 035 $a(EXLCZ)995470000002379707 100 $a20080515d1999 ua 0 101 0 $aeng 135 $aurbn||||||||| 181 $ctxt$2rdacontent 182 $cc$2rdamedia 183 $acr$2rdacarrier 200 10$aTreatment duration and time since disturbance affect vegetation development in a young ponderosa pine plantation$b[electronic resource] /$fGary O. Fiddler, Philip M. McDonald 210 1$a[Albany, CA] :$cU.S. Dept. of Agriculture, Forest Service, Pacific Southwest Research Station,$d[1999] 215 $a8 pages $cdigital, PDF file 225 1 $aResearch note PSW ;$vRN-424 300 $aTitle from title screen (viewed May 14, 2008) 300 $a"December 1999." 320 $aIncludes bibliographical references (page 8). 606 $aPonderosa pine$zCalifornia$xGrowth 606 $aVegetation management$zCalifornia 615 0$aPonderosa pine$xGrowth. 615 0$aVegetation management 700 $aFiddler$b Gary O$01387105 701 $aMcDonald$b Philip Mark$01387104 712 02$aPacific Southwest Research Station. 801 0$bGPO 801 1$bGPO 801 2$bGPO 906 $aBOOK 912 $a9910696514803321 996 $aTreatment duration and time since disturbance affect vegetation development in a young ponderosa pine plantation$93518329 997 $aUNINA LEADER 02132nam 2200517I 450 001 9910702507703321 005 20141203133427.0 035 $a(CKB)5470000002429106 035 $a(OCoLC)897379093 035 $a(EXLCZ)995470000002429106 100 $a20141203j201312 ua 0 101 0 $aeng 135 $aurcn||||||||| 181 $ctxt$2rdacontent 182 $cc$2rdamedia 183 $acr$2rdacarrier 200 10$aStudy and sub-system optimization of propulsion and drive systems for the Large Civil TiltRotor (LCTR2) rotorcraft /$fMark Robuck [and four others] 210 1$aCleveland, Ohio :$cNational Aeronautics and Space Administration, Glenn Research Center,$dDecember 2013. 215 $a1 online resource (10 pages) $ccolor illustrations 225 1 $aNASA/TM ;$v2013-218103 300 $aTitle from title screen (viewed on Dec. 3, 2014). 300 $a"December 2013." 300 $a"Prepared for the 69th Annual Forum and Technology Display (AHS FORUM 69) sponsored by the American Helicopter Society, Phoenix, Arizona, May 21-23, 2013." 320 $aIncludes bibliographical references (page 10). 517 $aStudy and sub-system optimization of propulsion and drive systems for the Large Civil TiltRotor 606 $aTilt rotor aircraft$2nasat 606 $aRotary wings$2nasat 606 $aPropulsion system configurations$2nasat 606 $aTransmissions (machine elements)$2nasat 606 $aGas turbine engines$2nasat 606 $aOperating costs$2nasat 615 7$aTilt rotor aircraft. 615 7$aRotary wings. 615 7$aPropulsion system configurations. 615 7$aTransmissions (machine elements) 615 7$aGas turbine engines. 615 7$aOperating costs. 700 $aRobuck$b Mark$01396831 712 02$aNASA Glenn Research Center, 712 02$aFundamental Aeronautics Program (U.S.), 801 0$bGPO 801 1$bGPO 906 $aBOOK 912 $a9910702507703321 996 $aStudy and sub-system optimization of propulsion and drive systems for the Large Civil TiltRotor (LCTR2) rotorcraft$93457623 997 $aUNINA LEADER 02971nam1 22006133i 450 001 MIL0234437 005 20231121125542.0 100 $a20080919d1914 ||||0itac50 ba 101 | $agrc$aeng$cgrc 102 $agb 181 1$6z01$ai $bxxxe 182 1$6z01$an 200 1 $aDio's Roman history$ein nine volumes$fwith an English translation by Earnest Cary$gon the basis of the version of Herbert Baldwin Foste 210 $a Cambridge, Mass.$cHarvard University press$aLondon$cW. Heineman 215 $a v.$d17 c 225 | $a˜The œLoeb classical library 300 $aTesto orig. a fronte. 312 $aTitolo di copertina della Rist. 1994: Roman history$9UBO0241649 410 0$1001CFI0109673$12001 $a˜The œLoeb classical library 463 1$1001MIL0234448$12000 $a5: Books 46.-50$v5 463 1$1001MIL0234452$12000 $a6: Books 51.-55$v6 463 1$1001MIL0234455$12000 $a7: Books 56.-60$v7 463 1$1001MIL0237741$12000 $a4: Books 41.-45$v4 463 1$1001MIL0237745$12000 $a3: Books 36.-40$v3 463 1$1001MIL0237748$12000 $a2: Books 12.-35$v2 463 1$1001MIL0237750$12000 $a1: Books 1.-11$v1 463 1$1001MIL0342181$12000 $a8: Books 61.-70$v8 463 1$1001UBO0237261$12000 $a9: Books 71.-80$v9 500 10$aHistoriae romanae$3RMS0053832$9CFIV088577$918269 517 1 $aRoman history$9UBO0241649 606 $aDione Cassio . Storia romana$xTraduzioni inglesi$2FIR$3RMLC443388$9E 676 $a937$9Storia del mondo antico, fino al 499 ca. Penisola italiana e territori limitrofi, fino al 476.$v22 700 0$aDio : Cassius$3CFIV088577$4070$0183257 702 1$aCary$b, Earnest$3SBLV076472 702 1$aFoster$b, Herbert Baldwin$3SBLV109029 790 0$aDion Cassius$3CFIV088659$zDio : Cassius 790 0$aDio Cassius$3CFIV088661$zDio : Cassius 790 0$aDion : Cassius$3CFIV088677$zDio : Cassius 790 0$aCassius Dio$3CFIV088681$zDio : Cassius 790 0$aCassius : Dion$3CFIV088682$zDio : Cassius 790 0$aCassius : Dio$3CFIV088683$zDio : Cassius 790 0$aCassius Dion$3CFIV088685$zDio : Cassius 790 0$aDione Cassio$3CFIV184870$zDio : Cassius 790 0$aCassius Dio : Cocceianus$3SBNV032059$zDio : Cassius 801 3$aIT$bIT-01$c20080919 850 $aIT-RM028 $aIT-RM0418 $aIT-FR0017 899 $aBiblioteca Universitaria Alessandrina$bRM028 899 $aBIBLIOTECA ACCADEMIA NAZ. DEI LINCEI E CORSINIANA$bRM0418 899 $aBiblioteca umanistica Giorgio Aprea$bFR0017 912 $aMIL0234437 950 1$aBiblioteca umanistica Giorgio Aprea$d 52LCL/G Dio.Ca. 1.1$d 52LCL/G Dio.Ca. 1.2$d 52LCL/G Dio.Ca. 1.3$d 52LCL/G Dio.Ca. 1.4$d 52LCL/G Dio.Ca. 1.5$d 52LCL/G Dio.Ca. 1.6$d 52LCL/G Dio.Ca. 1.8$d 52LCL/G Dio.Ca. 1.7$d 52LCL/G Dio.Ca. 1.9 977 $a 01$a 10$a 52 996 $aHistoriae Romanae$918269 997 $aUNICAS